000 00631nam a22002057a 4500
005 20251108173335.0
008 250721s1995 xx 000 0 ara d
020 _a9772761114
082 1 4 _aط/ 214.2
100 1 _aإبراهيم، نعمات محمد
245 1 0 _aالملك (جل جلاله) /
264 1 _aالقاهرة :
_bمكتبة العلم و الإيمان،
_c1995.
300 _a16ص.
490 0 _aأسماء الله الحسنى
650 1 7 _aالأسماء الحسنى
650 1 7 _aالله
653 _aأطفال مرحلة متوسطة (6-9 سنوات)
942 _2ddc
_cBK
999 _c101647
_d101647